World animal review; 1998; N91

Đã lưu trong:
Bibliografiske detaljer
Hovedforfatter: FAO
Format: Bog
Sprog:Undetermined
Udgivet: Rome FAO 1998
Fag:
Tags: Tilføj Tag
Ingen Tags, Vær først til at tagge denne postø!
Thư viện lưu trữ: Trung tâm Học liệu Trường Đại học Cần Thơ
LEADER 00461nam a2200181Ia 4500
001 CTU_34003
008 210402s9999 xx 000 0 und d
082 |a 636 
082 |b W927/N91 
100 |a FAO 
245 0 |a World animal review; 1998; N91 
245 0 |c FAO 
260 |a Rome 
260 |b FAO 
260 |c 1998 
650 |a animal industry 
904 |i Nguyễn Quang Điền, 991118 
980 |a Trung tâm Học liệu Trường Đại học Cần Thơ